Normativa de retribucions dels funcionaris de l'administracio local / ponents: Lluís Bertran i Baulies ... [et al.] Lluís Bertran i Baulies ... [et al.]
Descripción Física:
45 p. : taules ; 21 cm
Otros Autores:
Bertran i Baulies, Lluís
MARC
| LEADER | 00000nam a2200000Ia 4500 | ||
|---|---|---|---|
| 001 | 18462 | ||
| 008 | 160829s1982 xx 000 0 cat d | ||
| 080 | |a FU-51-4 | ||
| 245 | |a Normativa de retribucions dels funcionaris de l'administracio local / ponents: |b Lluís Bertran i Baulies ... [et al.] | ||
| 260 | |a Girona : |b Generalitat de Catalunya. Departament de Governació, |c 1982 | ||
| 300 | |a 45 p. : |b taules ; |c 21 cm | ||
| 650 | |a Administració local |x Espanya |x Congressos |9 40020 | ||
| 650 | |a Funcionaris i empleats locals |x Salaris, etc. |x Espanya |x Congressos |9 40021 | ||
| 700 | |a Bertran i Baulies, Lluís |9 23430 | ||
| 710 | |a Catalunya. |b Departament de Governació |9 16938 | ||
| 901 | |a Arxiu | ||
| 942 | |n 1 | ||
| 952 | |0 0 |1 0 |4 0 |6 FU514 |7 1 |9 49371 |a Arxiu |b Arxiu |d 2016-12-01 |l 0 |o FU-51-4 |p 18462 |r 2016-12-01 00:00:00 |w 2016-12-01 |y ARXIU | ||
| 999 | |c 53213 |d 53213 | ||